000 00914cam a2200289 a 4500
001 22403
003 BD-RjUL
005 20211209000813.0
008 140308s1988 caua 001 0 eng
020 _a0534085024 (pbk.) :
035 _a(BD-RjUL)22468
040 _aDLC
_cDLC
_dDLC
_dBD-RjUL
_beng
041 _aeng
082 0 0 _a808.042
_219
_bTYW 1988
100 1 _aTyner, Thomas E.,
_d1944-
_969176
245 1 0 _aWriting voyage :
_ban integrated, process approach to basic writing /
_cThomas E. Tyner.
250 _a2nd ed.
260 _aBelmont, Calif. :
_bWadsworth Pub. Co.,
_cc1988.
300 _axvii, 312 p. :
_bill. ;
_c24 cm.
500 _aIncludes index.
650 0 _aEnglish language
_xRhetoric.
_969177
650 0 _aEnglish language
_xGrammar
_vProblems, exercises, etc.
_969178
650 0 _aReport writing.
_969179
942 _2ddc
_cBK
999 _c22403
_d22403